000 01106nas a2200373 4500
001 BR0801127
003 BR-BrBNA
005 20231205111631.0
007 ta
008 230509b bl.|||p| |||| 00| 00por d
040 _aBR-BrBNA
_bpor
_cBiblioteca Nacional de Agricultura
041 _a(Pt)
072 _aL60; L20
100 1 _aMaia, V.C.
100 1 _aTavares, M.T.
245 1 _aCordiamyia globosa Maia (Diptera, Cecidomyiidae), flutuação populacional e parasitóides (Hymenoptera)associados
650 _aRIO DE JANEIRO
650 _aENTOMOFAUNA
650 _aINSETO
650 _aGALHA
650 _aDIPTERA CECIDOMYIIDAE
650 _aLEVANTAMENTO POPULACIONAL
650 _aPARASITO
650 _aHYMENOPTERO
650 _aPREDADOR
650 _aCOMPORTAMENTO ANIMAL
650 _aHÁBITO ALIMENTAR
650 _aCOLÔNIA
650 _aPLANTA HOSPEDEIRA
650 _aBORAGINACEA
773 0 _tRevista Brasileira de Zoologia (Brazil)
_xISSN 0101-8175
_g(Sep 2000), v. 17(3) p. 589-593
_wBR0801127
909 _a202311
_bLúcia
_c55
_dLúcia Elande
942 _2AGRIS
_n0
_cANA
999 _c193661
_d193661